Leasehold enfranchisement and the right to manage (Record no. 106786)

MARC details
000 -LEADER
fixed length control field 01856cam a22002655a 4500
001 - CONTROL NUMBER
control field L137442
008 - FIXED-LENGTH DATA ELEMENTS--GENERAL INFORMATION
fixed length control field 070405s2007 xxk f 001 0 eng d
020 ## - INTERNATIONAL STANDARD BOOK NUMBER
International Standard Book Number 9781853289996
035 ## - SYSTEM CONTROL NUMBER
System control number (Sirsi) u137442
041 0# - LANGUAGE CODE
Language code of text/sound track or separate title eng
050 04 - LIBRARY OF CONGRESS CALL NUMBER
Classification number 346.4104346 $2 18
100 1# - MAIN ENTRY--PERSONAL NAME
Personal name Sykes, Christopher
245 00 - TITLE STATEMENT
Title Leasehold enfranchisement and the right to manage
Remainder of title a practical guide
260 ## - PUBLICATION, DISTRIBUTION, ETC.
Place of publication, distribution, etc. London
Name of publisher, distributor, etc. The Law Society
Date of publication, distribution, etc. 2007
300 ## - PHYSICAL DESCRIPTION
Extent xxiii, 294p.
Dimensions 24cm. +
Accompanying material 1 compact disc
350 ## - PRICE (NR) (BK AM CF MU VM SE) [OBSOLETE]
Price 49.95
505 2# - FORMATTED CONTENTS NOTE
Formatted contents note 1. Introduction -- A brief history -- The rights -- 2. Collective rights -- Managing the collective process -- Collective enfranchisement -- Right to manage -- 3. Individual rights -- Right to extend the lease of a flat -- Right of a tenant to acquire the freehold of their house -- Right to a new lease of a house -- 4. Miscellaneous -- The leasehold valuation tribunal -- The valuer and valuation issues -- Companies, corporate formalities and taxation -- The Commonhold and Leasehold Reform Act 2002 and other relevant rights
520 ## - SUMMARY, ETC.
Summary, etc. Offers guidance for solicitors to help their clients through the complicated qualification requirements and serving of notices. Also deals with the organisation of collective enfranchisement claims and right to manage claims, as well as for the individual rights to extend the lease of a house or flat and obtain the freehold of a house. Identifies associated legal considerations and explains the significant role played by other professionals, including surveyors, accountants and managing agents. Includes a CD-ROM giving access to forms, precedents and extracts from legislation.
590 ## - LOCAL NOTE (RLIN)
Local note KA
650 24 - SUBJECT ADDED ENTRY--TOPICAL TERM
Topical term or geographic name entry element COMMONHOLD AND LEASEHOLD REFORM ACT 2002
651 #4 - SUBJECT ADDED ENTRY--GEOGRAPHIC NAME
Geographic name United Kingdom
Chronological subdivision
690 ## - LOCAL SUBJECT ADDED ENTRY--TOPICAL TERM (OCLC, RLIN)
Topical term or geographic name as entry element PROPERTY-LANDLORD AND TENANT-LEASES-LEASEHOLD ENFRANCHISEMENT
942 ## - ADDED ENTRY ELEMENTS (KOHA)
Suppress in OPAC 0
Holdings
Withdrawn status Lost status Source of classification or shelving scheme Damaged status Not for loan Home library Current library Shelving location Date acquired Total Checkouts Full call number Barcode Date last seen Date last checked out Copy number Price effective from Koha item type
    Dewey Decimal Classification     London London Basement 16/08/2007 16 RESERVE 30073984 06/08/2019 05/01/2010 1 06/08/2019 Book